000 00745nam a2200265 i 4500
001 C2-0104760
003 PPAK
005 20180727101212.0
008 970605s1989 my a|||| ||||| | may d
020 _a9679382389
040 _aPPAK
_beng
_cPPAK
_erda
082 0 4 _a398.22
_223
090 0 0 _a398.22
_bWSU
_dK
100 0 _aW.S.Uzala,
_eauthor
245 1 0 _aPerjuangan tidak pernah selesai
264 1 _aKuala Lumpur :
_bSama Publications ,
_c1989
300 _a55 pages :
_billustrations ;
_c19 cm
336 _2rdacontent
_atext
337 _2rdamedia
_aunmediated
338 _2rdacarrier
_avolume
490 1 _aSiri cerita sejarah Melaka
650 1 0 _aHistorical fiction
830 0 _aSiri cerita sejarah Melaka
942 _ddc
_cB
999 _c25106
_d25106